000 00781nam a2200265 a 4500
001 662465
005 20180220090335.0
008 940727s1994 at a b 001 0 eng d
010 _a 94188258
020 _a0522846173
035 _a(OCoLC)31974990
040 _aNcRS
_cNcRS
_dDLC
041 _aeng
042 _alccopycat
043 _au-at---
080 _a324.29405 MAR
082 0 0 _a324.29405 MAR
_220
100 _a49
101 _aSOC
245 0 0 _aFor better or for worse :
_cedited by Brian Costar.
504 _aIncludes bibliographical references and index.
906 _a7
_bcbc
_ccopycat
_d2
_encip
_f19
_gy-gencatlg
942 _2ddc
_cBK
999 _c42940
_d42940